| 000 | 01793nam a2200409 a 4500 | ||
|---|---|---|---|
| 999 |
_c475112 _d475112 |
||
| 003 | BLK | ||
| 005 | 20250715114734.0 | ||
| 008 | 180409b bul|||||r ||||||| ||bul|| | ||
| 020 | _a9789546609625 | ||
| 040 | _aBLK | ||
| 041 |
_aBUL _cBUL |
||
| 080 |
_aМедицина _b61 _x(031) _z61(031) |
||
| 100 |
_9416594 _aКесир-Льопети, Еманюел _eпърви автор |
||
| 139 |
_aКесир-Льопети, Еманюел _bК 53 |
||
| 245 | 1 | 0 |
_aЧовешкото тяло _cЕманюел Пети ; концепция Жак Бомон ; ил. Франсоа Даниел, Ан дьо Шамбурси ; прев. Вълчан Вълчанов. |
| 260 |
_aСофия _bПАН _c2018 _9209558 _n978-954-660- ; 978-954-657- |
||
| 300 |
_a46 с. _bс цв. ил. _c24х21 см |
||
| 380 | _aDN | ||
| 490 |
_aЕнциклопедия за деца _9481435 |
||
| 500 | _aАвт. Еманюел Пети известен като Еманюел Кесир-Льопети. | ||
| 650 | 0 |
_aАнатомия - на човека _9254168 |
|
| 650 | 0 |
_aФизиология - на човека _9254167 |
|
| 653 | 7 |
_aчовешко тяло _9200724 |
|
| 653 | 0 |
_aжизнени процеси _9481464 |
|
| 653 | 7 |
_aоргани _9192904 |
|
| 653 | 7 |
_aсетива _9196520 |
|
| 653 | 7 | _aенциклопедии | |
| 653 | _aлитература за деца | ||
| 700 |
_9645 _aБомон, Жак _eконцепция |
||
| 700 |
_9599 _aДаниел, Франсоа _eил. |
||
| 700 |
_9599 _aШамбурси, Ан дьо _eил. |
||
| 700 | 1 |
_949895 _aВълчанов, Вълчан _eпрев. |
|
| 700 |
_9481432 _aПети, Еманюел |
||
| 852 |
_bД _c61/К 53 Е |
||
| 942 |
_cKNG _n0 _s1 _018 |
||
| 944 |
_aCR _c2022-10-05 _k30542 _lРусанова Ирена |
||